| 000 | 00433nam a2200157 i 4500 | ||
|---|---|---|---|
| 001 | 63283 | ||
| 003 | ES-MaACL | ||
| 005 | 20230906164823.0 | ||
| 007 | t| | ||
| 008 | 031209s1953 sp ||||1| spa d | ||
| 100 | 1 |
_aFernández Suárez, Álvaro. _950107 |
|
| 245 | 1 | 4 |
_aLos mitos del Quijote / _cAlvaro Fernández Suárez. |
| 260 |
_aMadrid : _bAguilar, _c1953. |
||
| 300 |
_a200 p. ; _c22 cm. |
||
| 852 |
_aES-MaACL _jD-9144 _bR.32475 |
||
| 999 |
_c63283 _d63283 |
||